000
00219nam a22000977a 4500
999
_c
262972
_d
262971
020
_a
0590101641
100
_a
Mike Thaler
245
_a
Wuzzles: Little Word Puzzles
260
_a
New York
_b
Scholastic
_c
1975
942
_c
BK